I nostri mariti : film a episodi /

Na minha lista:
Detalhes bibliográficos
Principais autores: Piccioni, Piero (Compositor), Trovajoli, Armando (Compositor)
Outros Autores: Strucchi, Stefano (Animador de cenário), Monicelli, Mario (Animador de cenário), Risi, Dino (Diretor), Age (Animador de cenário), Scarpelli, Furio (Animador de cenário), Tognazzi, Ugo (Executante / ator), Zampa, Luigi (Diretor), D'Amico, Luigi Filippo (Diretor), Tamiroff, Akim (Executante / ator), Sonego, Rodolfo (Animador de cenário), Sordi, Alberto, (1920-2003) (Executante / ator), Machiavelli, Nicoletta (Executante / ator), Brialy, Jean-Claude (Executante / ator), Mercier, Michèle (attrice) (Executante / ator), Orfei, Liana (Executante / ator)
Formato: Slides
Idioma:Língua italiana
Publicado em: [Roma] : Minerva Pictures : 01 Distribution, [2008]
coleção:Minerva classic. La memoria del cinema italiano
Tags: Adicionar Tag
Sem tags, seja o primeiro a adicionar uma tag!

MARC

LEADER 00000ngm a22000007i 4500
001 IT\ICCU\LO1\1231290
003 ItRI
005 20260124182809.0
008 090209s2008 it |||||||||||||||k|||||c
028 4 2 |a 02503 
040 |b ita 
041 7 |a ita  |2 ISO-639-2 
082 |a 791.43  |9 CINEMA  |2 19 
130 2 |a I nostri mariti <film ; 1966>  |3 IT\ICCU\LO1\1231291 
245 0 2 |a I nostri mariti :  |b film a episodi /  |c regia di Luigi Filippo d'Amico, Luigi Zampa, Dino Risi. 
260 |a [Roma] :  |b Minerva Pictures :  |b 01 Distribution,  |c [2008] 
300 |a 1 DVD video (100 min.) ;  |c in contenitore, 19 cm 
500 |a Caratteristiche tecniche: regione assente; formato video 4/3, 1.66:1; Dolby digital 2.0; b/n e color 
500 |a Tit. del contenitore 
500 |a Data desunta da catalogo editoriale on-line 
500 |a Produzione cinematografica Italia/Francia 1966 
500 |a Lingue: italiano 
500 |a Contenuti extra: intervista a Steve Della Casa, critico cinematografico 
500 |a Contiene gli episodi: Il marito di Roberta, regia Luigi Filippo d'Amico, sceneggiatura Rodolfo Sonego, musica Piero Piccioni, interpreti Alberto Sordi, Nicoletta Machiavelli ; Il marito di Olga, regia Luigi Zampa, sceneggiatura Age e Scarpelli e Mario Monicelli, musica Armando Trovajoli, interpreti Jean-Claude Brialy, Michele Mercier ; Il marito di Attilia, regia Dino Risi, sceneggiatura Age e Scarpelli e Stefano Strucchi, musica Armando Trovajoli, interpreti Ugo Tognazzi, Liana Orfei. 
700 1 |a Strucchi, Stefano  |0 IT\ICCU\CAGV\286501  |4 sce 
700 1 |a Monicelli, Mario  |0 IT\ICCU\CFIV\020193  |4 sce 
700 1 |a Risi, Dino  |0 IT\ICCU\CFIV\032218  |4 drt 
700 0 |a Age  |0 IT\ICCU\CFIV\038076  |4 sce 
700 1 |a Scarpelli, Furio  |0 IT\ICCU\CFIV\038078  |4 sce 
700 1 |a Tognazzi, Ugo  |0 IT\ICCU\CFIV\047382  |4 prf 
700 1 |a Zampa, Luigi  |0 IT\ICCU\CFIV\073886  |4 drt 
700 1 |a D'Amico, Luigi Filippo  |0 IT\ICCU\CFIV\088502  |4 drt 
700 1 |a Tamiroff, Akim  |0 IT\ICCU\LO1V\260616  |4 prf 
700 1 |a Sonego, Rodolfo  |0 IT\ICCU\RAVV\030114  |4 sce 
700 1 |a Sordi, Alberto,  |d  (1920-2003)  |0 IT\ICCU\RAVV\050729  |4 prf 
700 1 |a Piccioni, Piero  |0 IT\ICCU\RAVV\089797  |4 cmp 
700 1 |a Machiavelli, Nicoletta  |0 IT\ICCU\RAVV\099722  |4 prf 
700 1 |a Brialy, Jean-Claude  |0 IT\ICCU\RAVV\099763  |4 prf 
700 1 |a Trovajoli, Armando  |0 IT\ICCU\RMLV\039151  |4 cmp 
700 1 |a Mercier, Michèle  |c  (attrice)  |0 IT\ICCU\UBOV\484085  |4 prf 
700 1 |a Orfei, Liana  |0 IT\ICCU\VIAV\097592  |4 prf 
790 1 |a Incrocci, Agenore  |3 IT\ICCU\CFIV\038077  |z Age 
790 0 |a Scarpelli  |3 IT\ICCU\UBOV\482208  |z Scarpelli, Furio 
790 1 |a Morgan, P.  |3 IT\ICCU\SBNV\002974  |z Piccioni, Piero 
790 1 |a Rangoni Machiavelli, Nicoletta  |3 IT\ICCU\SBNV\026573  |z Machiavelli, Nicoletta 
790 1 |a Vatro, Roman  |3 IT\ICCU\CFIV\207827  |z Trovajoli, Armando 
790 1 |a Trovaioli, Armando  |3 IT\ICCU\CFIV\213409  |z Trovajoli, Armando 
790 1 |a Travaioli, Armando  |3 IT\ICCU\SBNV\034025  |z Trovajoli, Armando 
790 1 |a Berman, Francis  |3 IT\ICCU\SBNV\056251  |z Trovajoli, Armando 
830 0 |a Minerva classic. La memoria del cinema italiano  |0 IT\ICCU\MIL\0636188 
942 |2 ddc  |c VM  |n 0 
952 |0 0  |1 0  |4 0  |6 VO_1697_000000000000000  |7 0  |9 26437  |a BO  |b BO  |d 2026-01-24  |i 13030  |l 0  |o VO 1697  |p BO13030  |r 2026-01-24 18:28:09  |w 2026-01-24  |x [Sebina 5] [1 dvd]  |y VM  |z 1 dvd 
999 |c 22345  |d 22345